000 00314nam a22001337a 4500
008 171215b xxu||||| |||| 00| 0 eng d
020 _a9780077518974
041 _aeng
080 _a573
100 _a11
101 _aBIO
245 _aBIO 100DELAWARE COUNTY COMMUNITY COLLEGE
_cMADER,S,S
942 _2udc
_cBK
999 _c38984
_d38984